• 首页
  • 本馆介绍
  • 公告通知
  • 最新文献
  • 馆藏检索
  • 电子资源
  • 读者导购
  • 参考咨询
  • 我的图书馆
  • 登录
  • 详细信息显示
  • 放入我的书架
  • 预约/预借图书
  • 作者相关作品
  • 分类相关作品
  • 丛书相关作品
  • 出版社相关作品

书目信息

  • 表格格式
  • 工作单格式
  • 卡片格式
题名:
寻宝手册
    
 
作者: 奥斯特勒 著 ;陈瑛 译
分册:  
出版信息: 北京   中央编译出版社  2002.01
页数: 360页
开本: 19cm
丛书名:
单 册:
中图分类: N8
科图分类:
主题词: 探险--基本知识
电子资源:
ISBN: 7-80109-497-2
000 00620nam0 2200205 45
001 0311121693
005 20031219104121.5
010    @a7-80109-497-2@dCNY22.00
100    @a20031112d2002 km y0chiy0120 ea
101 0  @achi@cger
105    @aa z 000yy
200 1  @a寻宝手册@AXun Bao Shou Ce@f(德)赖因霍尔德·奥斯特勒著@F(De)Lai Yin Huo Er De·Ao Si Te Le Zhu@g陈瑛等译
210    @a北京@c中央编译出版社@d2002.01
215    @a360页@c插图@d19cm
606 0  @a探险@x基本知识
690    @aN8@v4
701  0 @a奥斯特勒@4著
702  0 @a陈瑛@AChen Ying@4译
801    @aCN@bTSTC@c20031112
905    @b328069-073@dN8@e6@f5
    
    寻宝手册/(德)赖因霍尔德·奥斯特勒著/陈瑛等译.-北京:中央编译出版社,2002.01
    360页:插图;19cm
    
    
    ISBN 7-80109-497-2:CNY22.00
    
●
相关链接 在E读中查询图书 在五车中查询图书 在当当中查询图书 在豆瓣中查询图书


正题名:寻宝手册     索取号:N8/6         预约/预借

序号 登录号 条形码 馆藏地/架位号 状态 备注
1 0328069   203280699   第三借阅区/ [索取号:N8/6] 在馆    
2 0328070   203280706   第三借阅区/ [索取号:N8/6] 在馆    
3 0328071   203280715   第三借阅区/ [索取号:N8/6] 在馆    
4 0328072   203280724   第三借阅区/ [索取号:N8/6] 在馆    
5 0328073   203280733   第二样本阅览室/ [索取号:N8/6] 在馆    
唐山师范学院图书馆 欢迎您!
大连网信软件有限公司© 版权所有